000 00458nam a22001697a 4500
003 NUST - PNEC
005 20170116181140.0
008 151007b xxu||||| |||| 00| 0 eng d
020 _a0471859338
040 _cLIBRARY
082 _a660.2815 SEB
100 _914561
_a Seborg, Dale
245 _aProcess dynamics and control
_c Dale,Seborg
260 _cc 1989
650 _914562
_aChemical process control--Data processing
_xGeneral
942 _2ddc
_cBK
999 _c70432
_d70432